Statistiche per Mappa Europea Senza 10 Paesi Casuali

Clicka qui per fare il quiz!

Statistiche generali

  • Questo quiz è stato fatto 19.486 volte
  • Il punteggio medio è 8 su 10

Risposte nella Mappa

Le risposte nella mappa del quiz sottostante sono codificate secondo una scala di colori dal rosso al verde in base alla % di persone che hanno risposto correttamente.
 

Statistiche sulle risposte

Paese% Corretto
Francia
99%
Italia
99%
Germania
98%
Svizzera
96%
Austria
95%
Svezia
94%
Polonia
93%
Spagna
93%
Finlandia
91%
Bielorussia
90%
Russia
89%
Ucraina
89%
Norvegia
87%
Repubblica Ceca
87%
Belgio
86%
Romania
86%
Slovenia
86%
Lituania
85%
Regno Unito
85%
Croazia
84%
Lettonia
83%
Bosnia ed Erzegovina
82%
Serbia
82%
Portogallo
81%
Ungheria
81%
Lussemburgo
80%
Slovacchia
80%
Estonia
79%
Kosovo
79%
Macedonia del Nord
79%
Grecia
77%
Bulgaria
75%
Moldavia
75%
Albania
74%
Danimarca
74%
Montenegro
73%
Islanda
71%
Paesi Bassi
71%
Irlanda
68%
Malta
57%
San Marino
54%
Andorra
52%
Città del Vaticano
51%
Liechtenstein
41%
Monaco
40%

Distribuzione punteggi

Percentile per numero di risposta

Percentuale di utenti per punteggio

I tuoi punteggi nel tempo

Non hai fatto questo quiz